El cerebro humano

-д хадгалсан:
Номзүйн дэлгэрэнгүй
Үндсэн зохиолч: Pfeiffer, John E (Зохиогч)
Формат: Ном
Хэл сонгох:испани
Хэвлэсэн: Buenos Aires Hoobs-Sudamericana 1964
Цуврал:Colección Hombre y Cosmos
Нөхцлүүд:
Шошгууд: Шошго нэмэх
Шошго байхгүй, Энэхүү баримтыг шошголох эхний хүн болох!

MARC

LEADER 00000nam a2200000 a 4500
001 UCW6899
003 CL-VaPUC
008 920702e19640000AG |||||||||||||||||spa|d
082 0 4 |a 612.825  |b PFE  |2 21 
100 0 |a Pfeiffer, John E  |e author  |9 311978 
245 1 3 |a El cerebro humano 
300 |a 314 p 
942 |c BK 
945 |d 19920702 00:00:00 
260 |a Buenos Aires  |b Hoobs-Sudamericana  |c 1964 
650 0 |a Cerebro   |9 307262 
583 |a last modification  |c 19920702 00:00:00  |k Rodrigo Vera 
490 0 |a Colección Hombre y Cosmos 
999 |c 219805  |d 219803 
952 |0 0  |1 0  |4 0  |6 612_825000000000000_PFE_1964  |7 0  |8 P  |9 211163  |a BIBEDU  |b BIBEDU  |c BIBEDU_PB  |d 2019-11-15  |i 2794152  |o 612.825 PFE 1964  |p 2794152  |r 2024-01-25  |w 2019-11-15  |y BK  |k EDU 
952 |0 0  |1 0  |4 0  |6 612_825000000000000_PFE_1964  |7 0  |8 P  |9 211164  |a BIBEDU  |b BIBEDU  |c BIBEDU_PB  |d 2019-11-15  |i 1551353  |o 612.825 PFE 1964  |p 1551353  |r 2024-01-25  |w 2019-11-15  |y BK  |k EDU